| 000 | 00661pam a2200193 a 4500 | ||
|---|---|---|---|
| 020 | _a9676530468 (pbk.) : | ||
| 040 | _cDLC | ||
| 082 | 0 | 0 | _a634 YAA 1995 C283 Or. |
| 100 | 0 | _aOthman Yaacob. | |
| 245 | 1 | 4 | _aThe production of economic fruits in South-East Asia / |
| 260 |
_aKuala Lumpur ; _aNew York : _bOxford University Press, _c1995. |
||
| 300 |
_axxix, 419 p. : _bill., maps ; _c25 cm. |
||
| 650 | 0 | _aFruit-culture | |
| 650 | 0 | _aTropical fruit | |
| 700 | 1 | _aSubhadrabandhu, Suranant. | |
| 856 | 4 | 2 | _uhttp://www.loc.gov/catdir/enhancements/fy0640/94013203-d.html |
| 856 | 4 | 1 | _uhttp://www.loc.gov/catdir/enhancements/fy0640/94013203-t.html |
| 942 | _cAEDBB | ||
| 999 |
_c22512 _d22512 |
||